| 000 | 00656nam a2200217Ia 4500 | ||
|---|---|---|---|
| 005 | 20231123090554.0 | ||
| 008 | 131103s9999 xx 000 0 und d | ||
| 020 |
_a8176481769 _cRs 800 |
||
| 040 | _aLoreto College | ||
| 041 | _aEnglish | ||
| 082 |
_a327 _bKUM |
||
| 100 | _aKumar, Kamal | ||
| 245 |
_aIndian Ocean as a zone of peace _b Problems and prospects _cKamal Kumar |
||
| 260 |
_aNew Delhi _bA.P.H. Publishing Corporation _c2000 |
||
| 300 | _axii,387p | ||
| 504 | _aIncludes bibliography and index | ||
| 650 | _aIndian Ocean - Strategic Aspects | ||
| 651 | _aIndian Ocean Region - Politics and Government | ||
| 850 | _aLCLIB | ||
| 942 | _cBK | ||
| 999 |
_c5817 _d56296 |
||